Tâm lí học xã hội

Đã lưu trong:
書目詳細資料
主要作者: Phạm, Văn Tư
格式: 圖書
語言:Undetermined
出版: Hà Nội Nxb. Đại học Sư phạm 2014
主題:
標簽: 添加標簽
沒有標簽, 成為第一個標記此記錄!
Thư viện lưu trữ: Trung tâm Học liệu Trường Đại học Cần Thơ
LEADER 00577nam a2200193Ia 4500
001 CTU_202394
008 210402s9999 xx 000 0 und d
020 |c 42000 
082 |a 302 
082 |b T550 
100 |a Phạm, Văn Tư 
245 0 |a Tâm lí học xã hội 
245 0 |c Phạm Văn Tư (Chủ biên) ... [et al.] 
260 |a Hà Nội 
260 |b Nxb. Đại học Sư phạm 
260 |c 2014 
650 |a Social psychology,Tâm lí xã hội học 
904 |i Tuyến 
980 |a Trung tâm Học liệu Trường Đại học Cần Thơ